LIBRARY ONLINE CATALOGUE

To know and serve God : (Record no. 4918)

MARC details
000 -LEADER
fixed length control field 00664cam a22002172 4500
001 - CONTROL NUMBER
control field 0000000796
005 - DATE AND TIME OF LATEST TRANSACTION
control field 20151217151757.0
008 - FIXED-LENGTH DATA ELEMENTS--GENERAL INFORMATION
fixed length control field 070220s xx 000 0 eng d
020 ## - INTERNATIONAL STANDARD BOOK NUMBER
International Standard Book Number 0340556714 :
Terms of availability KES 1,599
040 ## - CATALOGING SOURCE
Original cataloging agency KABU
Transcribing agency KABU
050 #0 - LIBRARY OF CONGRESS CALL NUMBER
Classification number BX5199
Item number .P22M33
100 1# - MAIN ENTRY--PERSONAL NAME
Personal name McGrath, Alister.
-- 0000149161
245 10 - TITLE STATEMENT
Title To know and serve God :
Remainder of title a life of James I. Packer.
260 ## - PUBLICATION, DISTRIBUTION, ETC. (IMPRINT)
Place of publication, distribution, etc. London :
Name of publisher, distributor, etc. Hodder & Stoughton,
Date of publication, distribution, etc. 1977.
300 ## - PHYSICAL DESCRIPTION
Extent xi, 340 p.
600 10 - SUBJECT ADDED ENTRY--PERSONAL NAME
Personal name Packer, I. J
General subdivision Biography.
-- 0000149162
600 10 - SUBJECT ADDED ENTRY--PERSONAL NAME
Personal name Anglicans
General subdivision Biography
Geographic subdivision England.
-- 0000149163
908 ## - PUT COMMAND PARAMETER (RLIN)
Put command parameter 070220
950 ## - LOCAL HOLDINGS (RLIN)
-- 1
Holdings
Withdrawn status Lost status Source of classification or shelving scheme Not for loan Home library Current library Date acquired Total Checkouts Full call number Barcode Date last seen Price effective from Koha item type
    Library of Congress Classification   Kabarak, Main Campus Kabarak, Main Campus 17/12/2015   BX5199 .P22M33 000294 17/12/2015 17/12/2015 General Collection